Central Library OPAC University of Rajshahi

Trade politics and Christianity in Africa and the East / (Record no. 30742)

MARC details
000 -LEADER
fixed length control field 01056cam a22003131 4500
001 - CONTROL NUMBER
control field 30742
003 - CONTROL NUMBER IDENTIFIER
rucl marc code BD-RjUL
005 - DATE AND TIME OF LATEST TRANSACTION
control field 20211209051617.0
008 - FIXED-LENGTH DATA ELEMENTS--GENERAL INFORMATION
fixed length control field 190303s1916 enk i 001 0 eng
035 ## - SYSTEM CONTROL NUMBER
System control number (BD-RjUL)
System control number (OCoLC)2825814
040 ## - CATALOGING SOURCE
Original cataloging agency DLC
Transcribing agency IDeKN
Modifying agency OCoLC
-- DLC
Language of cataloging eng
041 ## - LANGUAGE CODE
Language code of text/sound track or separate title eng
042 ## - AUTHENTICATION CODE
Authentication code premarc
082 ## - DEWEY DECIMAL CLASSIFICATION NUMBER
Edition number 23
Classification number 270.089
Author mark and year NAT 1916
100 1# - MAIN ENTRY--PERSONAL NAME
Personal name Macdonald, A. J.
Fuller form of name (Allan John)
9 (RLIN) 228842
245 10 - TITLE STATEMENT
Title Trade politics and Christianity in Africa and the East /
Statement of responsibility, etc. by A. J. Macdonald ... with an introductin by Sir Harry Johnston.
260 ## - PUBLICATION, DISTRIBUTION, ETC. (IMPRINT)
Place of publication, distribution, etc. London,
-- New York :
Name of publisher, distributor, etc. Longmans, Green and co.,
Date of publication, distribution, etc. 1916.
300 ## - PHYSICAL DESCRIPTION
Pagination xxi, 295, [1] p.
Size 23 cm.
500 ## - GENERAL NOTE
General note "Awarded the Maitland prize at Cambridge in 1915."--Pref.
650 #0 - SUBJECT ADDED ENTRY--TOPICAL TERM
Topical term or geographic name as entry element Race relations.
9 (RLIN) 228843
Topical term or geographic name as entry element Indigenous peoples.
9 (RLIN) 228844
Topical term or geographic name as entry element Missions.
9 (RLIN) 228845
700 1# - ADDED ENTRY--PERSONAL NAME
Personal name Johnston, Harry Hamilton,
Dates associated with a name 1858-1927.
906 ## - LOCAL DATA ELEMENT F, LDF (RLIN)
a 7
b cbc
c oclcrpl
d u
e ncip
f 19
g y-gencatlg
942 ## - ADDED ENTRY ELEMENTS (KOHA)
Source of classification or shelving scheme Dewey Decimal Classification
Koha item type Books
Holdings
Lost status Source of classification or shelving scheme Damaged status Not for loan Collection code Permanent Location Current Location Shelving location Date acquired Source of acquisition Cost, normal purchase price Total Checkouts Full call number Date last seen Copy number Koha item type
  Dewey Decimal Classification   Not For Loan Non-fiction Central Library, University of Rajshahi Central Library, University of Rajshahi Reading Room 14/11/1966 A.I. Qureshi , Dhaka 19.20   270.089 NAT 1916 03/03/2019 C-1 Books